Space Quiz - Statistics

General Stats
  • This quiz has been taken 96 times
  • The average score is 5 of 19
Answer Stats
Percentage Question Answer % Correct
90% Which Planet is closet to our sun? Mercury
100%
80% How many moons does Mars have? 2
96%
70% What is the largest moon in our solar system? Ganymede
43%
60% What is the name of the asteroid field beyond Neptune? Kuiper Belt
43%
BONUS Which planet in our solar system is the coldest? Uranus
42%
20% How many spacecraft have entered interstellar space? 5
29%
25% Which moon is know to have a thick dense atmosphere? Titan
27%
30% What is the name of the super massive black in our galaxy? Sagittarius A
16%
40% What is at the end of the solar system? Oort Cloud
13%
45% Which dwarf planet is know to be an ellipsoid? Haumea
11%
35% How old is the solar system? 4.6 Billion Years
10%
15% On average how far does the moon move away from Earth per year? 3.8 cm (1.5 in)
9%
3% What fruit is the moon shaped like? Lemon
6%
50% How long is a day on Uranus? (Not 17 hours) 42 Years
4%
10% How long does it take for Sedna to orbit the sun in Earth years? 11,400
3%
5% Which moon of Saturn is know as the ying-yang moon? Lapetus
3%
1% What is the farthest star we can see with the naked eye? V762 Cassiopeiae
3%
2% The Milky Way smells of rum, raspberries and... Booze
1%
4% What type of telescope are most comets discovered with? Sun-gazing Telescope
1%
No matching quizzes found
Score Distribution
Percent of People with Each Score
Percentile by Number Answered
Your Score History
You have not taken this quiz